Základy práce v Internete

Bibliographic Details
Main Authors: Harčarufka, Rastislav (Author), Harčarufková, Katarína, 1962- (Author)
Format: Book
Language:Slovak
PhysicalDescription:32 s. sch. 20 cm
Published: Košice Technická univerzita 2004
ISBN:8080731071
Edition:1. vyd.
Subjects:

MARC

LEADER 00000nam a2200000 a 4500
001 vtls001481545
003 SK-MaSNL
005 20260301074016.0
008 240318s2004 xo a 0 slo
015 |a SNBA2005/12-05400 
020 |a 8080731071  |q (brož.) 
035 |a SNK000436842 
040 |a SNK  |b slo  |c SNK  |e AACR2 
044 |a xo  |c SK 
072 7 |a 004.7  |2 konspekt 
080 |a 004.738.5  |x (035)  |2 2001 
080 |a 004.738.52  |2 1981 
080 |a (035)  |2 1981 
080 |a (041)  |2 1981 
080 |a 004.738.5  |2 1981 
100 1 |a Harčarufka, Rastislav  |4 aut  |9 240453 
245 1 0 |a Základy práce v Internete  |c Rastislav Harčarufka, Katarína Harčarufková 
250 |a 1. vyd. 
260 |a Košice  |b Technická univerzita  |c 2004 
300 |a 32 s.  |b sch.  |c 20 cm 
500 |a Názov z obalu 
650 0 7 |a internet  |2 SNK  |9 1833 
650 0 7 |a webové stránky  |2 phsnk  |9 2008 
650 0 7 |a počítačové siete  |2 konspekt  |9 703 
655 7 |a príručky  |2 SNK  |9 74364 
700 1 |a Harčarufková, Katarína,  |d 1962-  |4 aut  |9 240454 
919 |a 80-8073-107-1 
968 |a d0 
999 |c 645954  |d 647884 
952 |t P60, <03>, [BOOK], {603}, -B-  |a SNK  |b SNK  |y PREZ  |7 0  |p 17A0442922  |o snkSD 74163  |i snkKSP 11945/2004  |0 0  |1 0  |4 0  |d 2004-09-09  |l 0  |r 2025-11-21 00:00:00  |w 2026-02-23 
952 |t P60, <04>, [BOOK], {604}  |a SNK  |b SNK  |y VYP  |7 0  |p 17A0442923  |o snkSD 74163 D1  |i snkKSP 11946/2004  |0 0  |1 0  |4 0  |d 2004-09-09  |l 0  |r 2005-01-02 00:00:00  |w 2026-02-23